My Singing Monsters Cold Island - AnakinSkywalker7 - Statistics

General Stats
  • This quiz has been taken 65 times
  • The average score is 23 of 27
Answer Stats
Element Answer % Correct
Cold Mammott
98%
Water Toe Jammer
96%
Dipsters Mi
94%
Dipsters Re
94%
Air Tweedle
94%
Electricity Wubbox
94%
Dipsters Do
92%
Dipsters Fa
92%
Plant Potbelly
92%
Dipsters La
90%
Cold/Water Maw
90%
Dipsters Sol
90%
Dipsters Ti
90%
Cold/Water/Plant/Air Deedge
86%
Cold/Plant Furcorn
84%
Shadow Grumpyre
84%
Water/Air Quibble
84%
Cold/Air Pango
80%
Water/Plant/Air Spunge
80%
Plant/Air Dandidoo
78%
Water/Plant Oaktopus
78%
Yay Yool
78%
Legendary Tawkerr
74%
Cold/Water/Plant Bowgart
70%
Legendary Maggpi
70%
Cold/Water/Air Congle
68%
Cold/Plant/Air Thumpies
66%
No matching quizzes found
Score Distribution
Percent of People with Each Score
Percentile by Number Answered
Your Score History
You have not taken this quiz